El latín en Colombia : (Record no. 187199)

MARC details
000 -LEADER
campo de control de longitud fija 01256nam a2200313 i 4500
001 - NÚMERO DE CONTROL
campo de control 187199
003 - IDENTIFICADOR DE NÚMERO DE CONTROL
campo de control SpMaBN
005 - FECHA Y HORA DE LA ÚLTIMA TRANSACCIÓN
campo de control 20250629063153.0
008 - DATOS DE LONGITUD FIJA--INFORMACIÓN GENERAL
campo de control de longitud fija 170505s1993 ck c |||| | spa d
080 ## - NÚMERO DE LA CLASIFICACIÓN DECIMAL UNIVERSAL
Número de la Clasificación Decimal Universal 008/009(861)(091)
100 1# - ENTRADA PRINCIPAL--NOMBRE DE PERSONA
Nombre de persona Rivas Sacconi, José Manuel.
9 (RLIN) 162540
Término indicativo de función/relación Autor
245 13 - MENCIÓN DEL TÍTULO
Título El latín en Colombia :
Resto del título bosquejo histórico del humanismo colombiano /
Mención de responsabilidad, etc. José Manuel Rivas Sacconi ; presentación por Ignacio Chaves Cuevas.
250 ## - MENCION DE EDICION
Mención de edición 3ª ed.
260 ## - PUBLICACIÓN, DISTRIBUCIÓN, ETC.
Lugar de publicación, distribución, etc. Santafé de Bogotá :
Nombre del editor, distribuidor, etc. Instituto Caro y Cuervo,
Fecha de publicación, distribución, etc. 1993.
300 ## - DESCRIPCIÓN FÍSICA
Extensión XXIII, 483 páginas :
Otras características físicas 1 retrato del autor ;
Dimensiones 22 cm.
490 1# - MENCIÓN DE SERIE
Mención de serie Obras completas de José Manuel Rivas Sacconi ;
Designación de volumen o secuencia 1
490 1# - MENCIÓN DE SERIE
Mención de serie Biblioteca colombiana ;
Designación de volumen o secuencia 39
500 ## - NOTA GENERAL
Nota general Índice onomástico
504 ## - NOTA DE BIBLIOGRAFÍA, ETC.
Nota de bibliografía, etc. Referencias bibliográficas.
650 #7 - PUNTO DE ACCESO ADICIONAL DE MATERIA--TÉRMINO DE MATERIA
Término de materia o nombre geográfico como elemento de entrada Humanismo-
Subdivisión geográfica Colombia.
9 (RLIN) 162543
700 1# - ENTRADA AGREGADA--NOMBRE PERSONAL
Nombre de persona Chaves Cuevas, Ignacio.
9 (RLIN) 162544
Término indicativo de función/relación Autor de introducción
710 2# - ENTRADA AGREGADA--NOMBRE DE ENTIDAD CORPORATIVA
Nombre de entidad corporativa o nombre de jurisdicción como elemento de entrada Instituto Caro y Cuervo.
9 (RLIN) 4806
Término indicativo de función/relación Editor
830 0# - PUNTO DE ACCESO ADICIONAL DE SERIE-TÍTULO UNIFORME
Título uniforme Obras completas de José Manuel Rivas Sacconi ;
Designación de volumen o secuencia 1
9 (RLIN) 225533
830 0# - PUNTO DE ACCESO ADICIONAL DE SERIE-TÍTULO UNIFORME
Título uniforme Biblioteca colombiana ;
Designación de volumen o secuencia 39
9 (RLIN) 192743
852 ## - LOCALIZACIÓN
Ubicación ES-MaACL
Número de control de estantería L-31539
Ubicación en estantería Depósito 2
Donativo/Legado Donat. herederos José Prat
942 ## - ELEMENTOS DE ENTRADA SECUNDARIOS (KOHA)
Fuente del sistema de clasificación o colocación Clasificación decimal universal
Tipo de ítem Koha Libro impreso
Suprimir en OPAC No
Holdings
Estatus retirado Estado de pérdida Estado de daño No para préstamo Biblioteca de origen Biblioteca actual Ubicación en estantería Fecha de adquisición Fuente de adquisición Total de préstamos Signatura topográfica completa Código de barras Visto por última vez Precio de reemplazo Tipo de ítem Koha
        Biblioteca del Ateneo de Madrid Biblioteca del Ateneo de Madrid Depósito 2 05/05/2017     L-31539 1197525 23/02/2023 23/02/2023 Libro impreso